000 01913nam0a2200349 4500
001 RU\NLR\bibl\1091514
005 20260607073904.0
010 _a978-5-16-003066-1
_93000
021 _aRU
_b2007-26763
_91425
035 _a(NLR Aleph) 001078646
090 _a1044320
_c1044321
100 _a20070528d2007 |||y0rusy50 ca
101 0 _arus
102 _aRU
105 _ay |||||||||
200 1 _aПолитология
_eучебник
_e[для студентов, обучающихся по специальности "Финансы и кредит", "Бухгалтерский учет, анализ и аудит", "Мировая экономика и международные отношения"
_fА.Г. Грязнова, М.А. Эскиндаров, В.Г. Полунина, доктора экон. наук, профессора]
_gФин. акад. при правительстве Рос. Федерации
205 _a3-е изд., перераб. и доп.
210 _aМосква
_cИнфра-М
_d2007
215 _a394, [1] с.
_d22
225 1 _aВысшее образование
320 _aБиблиогр. в конце гл.
606 1 _aПолитология
_jУчебники для высших учебных заведений
_91294414
_3RU\NLR\auth\66217824
686 _aФ.я73
701 1 _aГрязнова
_bА. Г.
_f1937-
_gАлла Георгиевна
_4070
701 1 _4070
_7ca
_8rus
_aЭскиндаров
_bМ. А.
_f1951-
_gМухадин Абдурахманович
_9118483
_3RU\NLR\auth\778581
701 1 _4070
_7ca
_8rus
_aПолунина
_bГ. В.
_gГалина Владимировна
_9111553
_3RU\NLR\auth\771531
712 0 2 _4570
_aФинансовая академия
_cМосква
_9315256
_3RU\NLR\AUTH\8820776
801 0 _aRU
_bNLR
_c20070528
_gRCR
801 1 _aRU
_bNLR
_c20070528
942 _cBOOK
980 _aNB